Intellectual property law / (Record no. 61272)

MARC details
000 -LEADER
campo de control de longitud fija 03595cam a2200313 i 4500
001 - NÚMERO DE CONTROL
campo de control 122025
005 - FECHA Y HORA DE LA ÚLTIMA TRANSACCIÓN
campo de control 20230410123429.0
008 - DATOS DE LONGITUD FIJA--INFORMACIÓN GENERAL
campo de control de longitud fija 140416s2014 enka b 001 0 eng
035 ## - NÚMERO DE CONTROL DEL SISTEMA
Número de control de sistema 18117938
010 ## - NÚMERO DE CONTROL DE LA BIBLIOTECA DEL CONGRESO
Número de control de LC 2014938542
020 ## - NÚMERO INTERNACIONAL ESTÁNDAR DEL LIBRO
Número Internacional Estándar del Libro 9780199645558
040 ## - FUENTE DE CATALOGACIÓN
Centro catalogador/agencia de origen DLC
Lengua de catalogación eng
Normas de descripción rda
Centro/agencia transcriptor DLC
042 ## - CÓDIGO DE AUTENTICACIÓN
Código de autenticación pcc
043 ## - CÓDIGO DE ÁREA GEOGRÁFICA
Código de área geográfica e-uk---
050 14 - SIGNATURA TOPOGRÁFICA DE LA BIBLIOTECA DEL CONGRESO
Número de clasificación KD 1269
Número de ítem B477i 2014
100 1# - ENTRADA PRINCIPAL--NOMBRE DE PERSONA
Nombre de persona Bently, Lionel,
Fechas asociadas al nombre 1964-
245 10 - MENCIÓN DEL TÍTULO
Título Intellectual property law /
Mención de responsabilidad, etc. L. Bently and B. Sherman.
250 ## - MENCION DE EDICION
Mención de edición 4th ed.
260 #1 - PUBLICACIÓN, DISTRIBUCIÓN, ETC.
Lugar de publicación, distribución, etc. Oxford, United Kingdom :
Nombre del editor, distribuidor, etc. Oxford University Press,
Fecha de publicación, distribución, etc. [2014]
300 ## - DESCRIPCIÓN FÍSICA
Extensión cxliii, 1296 p. :
Otras características físicas ill. ;
Dimensiones 25 cm.
504 ## - NOTA DE BIBLIOGRAFÍA, ETC.
Nota de bibliografía, etc. Includes bibliographical references and index.
505 0# - NOTA DE CONTENIDO CON FORMATO
Nota de contenido con formato Introduction -- Introduction to copyright -- Subject matter -- Criteria for protection -- Authorship and first ownership -- Nature of the rights -- Duration of copyright -- Infringement -- Defences -- Moral rights -- Exploitation and use of copyright -- Limits on exploitation -- Related rights : performers' rights, database right, technological protection measures, rights management information, public lending right, and the droit de suite -- Introduction to patents -- The nature of a patent -- Procedure for grant of a patent -- Patentable subject matter -- Novelty -- Inventive step -- Internal requirements for patentability -- Ownership -- Infringement -- Exploitation -- Rights related to patents -- Acquiring registered design protection in the United Kingdom and the European Community -- The community concept of design -- Grounds for invalidity : novelty, individual character, and relative grounds -- The rights of a proprietor of a UK registered design, a registered community design, and an unregistered community design -- Copyright protection for designs -- Unregistered design right -- Introduction to passing off and trade marks -- Passing off -- Misrepresentation -- Damage -- Trade mark registration -- Subject matter -- Absolute grounds for refusal -- Relative grounds for refusal -- Revocation -- Infringement -- Trade mark defences -- Exploitation and use of trade marks -- Geographical indications of origin -- Is the information capable of being protected? -- Obligation of confidence -- Breach, defences, private nformation, and remedies -- Litigation -- Civil and criminal remedies.
520 ## - RESUMEN, ETC.
Sumario, etc. Bently & Sherman's Intellectual Property Law is the definitive textbook on the subject. The authors' all-embracing approach not only clearly sets out the law in relation to copyright, patents, trade marks, passing off, and confidentiality, but also takes account of a wide range of academic opinion enabling readers to explore and make informed judgements about key principles. The particularly clear and lively writing style, coupled with images from key cases, ensures that even the most complex areas are lucid and comprehensible. A fully revised section on copyright and design takes account of the revolutionary case law of the CJEU, as well as the new exceptions for parody, quotation, data-mining, and personal copying. The latest developments in patent law are covered including the impending Unitary Patent regime for the EU. The authors analyse the most recent law on trade marks, as well as proposed EU reforms. Updates to litigation and remedies are considered alongside the criminalization of registered design infrigement under the Intellectual Property Act 2014.
650 #0 - PUNTO DE ACCESO ADICIONAL DE MATERIA--TÉRMINO DE MATERIA
Término de materia o nombre geográfico como elemento de entrada Intellectual property
Subdivisión geográfica Great Britain.
650 #4 - PUNTO DE ACCESO ADICIONAL DE MATERIA--TÉRMINO DE MATERIA
Término de materia o nombre geográfico como elemento de entrada Derecho de propiedad intelectual
Subdivisión geográfica Gran Bretaña.
700 1# - ENTRADA AGREGADA--NOMBRE PERSONAL
Nombre de persona Sherman, Brad.
942 ## - ELEMENTOS DE ENTRADA SECUNDARIOS (KOHA)
Fuente del sistema de clasificación o colocación Clasificación de Library of Congress
Tipo de ítem Koha
946 ## - PROCESAMIENTO DE INFORMACIÓN LOCAL (OCLC)
a JaaM
Holdings
Estatus retirado Estado de pérdida Fuente del sistema de clasificación o colocación Estado de daño No para préstamo Colección Biblioteca de origen Biblioteca actual Ubicación en estantería Fecha de adquisición Serial enumeration / chronology Signatura topográfica completa Código de barras Visto por última vez Copia número Tipo de ítem Koha
    Clasificación de Library of Congress     Ciencias Sociales Biblioteca Juan Bosch Biblioteca Juan Bosch Ciencias Sociales (3er. Piso) 10/04/2023 3 KD 1269 B477i 2014 00000115324 24/10/2018 1